| 000 | 00556nam a2200193Ia 4500 | ||
|---|---|---|---|
| 003 | GCL | ||
| 008 | 140319s9999 xx 000 0 eng d | ||
| 040 |
_aGCL / _cGCL |
||
| 082 | 0 | 4 |
_a005.133 _bS I |
| 100 | 1 | _aSMITH, JAMES P. | |
| 245 | 1 | 0 |
_aINTRODUCTION TO PROGRAMMING CONCEPTS AND METHODS WITH ADA / _cSMITH, JAMES P. |
| 260 |
_a[S.N] : _bMC GRAW - HILL ، _c1994 |
||
| 300 | _a545 P | ||
| 650 | 0 | 4 | _aPROGRAMMING |
| 650 | 0 | 4 | _aADA COMPUTER PROGREMME LANGUAG |
| 650 | 0 | 4 | _aCOMPUTER PROGRAM LANGUAGE |
| 650 | 0 | 4 | _aELECTRONIC DIGITAL |
| 942 |
_2ddc _cBK |
||
| 999 |
_c24485 _d24485 |
||